Construction : Extension to A Guide to the Project Management Body of Knowledge : PMBOK Guide, 2000 Edition /
Kaydedildi:
| Müşterek Yazar: | |
|---|---|
| Materyal Türü: | Elektronik |
| Dil: | İngilizce |
| Baskı/Yayın Bilgisi: |
Newtown Square, EUA :
Project Management Institute,
2003, c2003
|
| Konular: | |
| Etiketler: |
Etiket eklenmemiş, İlk siz ekleyin!
|
MARC
| LEADER | 00000nmm^a2200000^a^4500 | ||
|---|---|---|---|
| 001 | 000181247 | ||
| 005 | 20250521000000.0 | ||
| 009 | 20260310101925.925 | ||
| 020 | |a 1-930699-40-9 | ||
| 037 | |a Acervo ITESO - Biblioteca | ||
| 041 | |a ING | ||
| 082 | |a 658. 404 |b GUI 2000 | ||
| 110 | |a Project Management Institute | ||
| 240 | 1 | 1 | |a [Guía de los fundamentos de la dirección de proyectos] |
| 240 | 1 | 1 | |a [PMBOK Guide] |
| 245 | 1 | 0 | |a Construction : |b Extension to A Guide to the Project Management Body of Knowledge : PMBOK Guide, 2000 Edition / |c Project Management Institute. |
| 264 | 4 | |a Newtown Square, EUA : |b Project Management Institute, |c 2003, c2003 | |
| 300 | |a 1 disco compacto de computadora | ||
| 336 | |a datos para computadora |b cod |2 rdacontenido | ||
| 337 | |a computadora |b c |2 rdamedio | ||
| 338 | |a disco de computadora |b cd |2 rdasoporte | ||
| 649 | |a XX | ||
| 650 | |a Administración de Proyectos - |x Tema Principal | ||
| 650 | |a Proceso Administrativo - |x Dirección | ||
| 650 | |a Administración | ||
| 650 | |a Ingeniería Industrial | ||
| 650 | |a Ciencias Administrativas | ||
| 910 | |a Fondo General | ||
| 920 | |a Electrónicos - Recursos en Disco | ||
| 905 | |a 207 | ||
| 901 | |a 0500120912 |b IT2 |c SWS |u 20250521 | ||
| 902 | |a https://opac.biblio.iteso.mx/vufind/Record/000181247 | ||